00834ngm a22002177a 450000500170000000800410001704100080005808200120006610000240007824500300010226000130013226000240014526000090016930000150017850002960019365000240048965000210051365000260053465000250056065000310058520170224100637.0150313b xxu||||| |||| 00| 0 spa d aspa a304 DVD aNational Geographic aLa ciencia de los bebés aMéxico bNational Geographic c2008 a52 minutos aSe presentan investigaciones sobre el desarrollo de bebés en los primeros 12 meses de vida. Se analiza su desarrollo psicológicos, de aprendizaje y la habilidad de sobreponerse a problemas serios de salud gracias a que su organismo esta joven y en constante adaptación a un nuevo mundo aDESARROLLO NEONATAL aRECIÉN NACIDOS aPSICOLOGÍA INFANTIL aAPRENDIZAJE INFANTIL aPROBLEMAS EN EL DESARROLLO